000 00932nam a2200277 i 4500
003 DO-SdBNP
005 20240821153352.0
007 ta
008 240821s2024 dr 000 0 spa d
020 _a9789945223767
040 _aDO-SdBNP
_bspa
_cBNPHU
_erda
082 _bR466v
_222
100 _aReynoso, Antonio,
_d1952-
_eautor
_978049
240 _aVanguardia Juvenil /
245 1 0 _aVanguardia juvenil :
_bcon una visión filosófica, política, pedagógica, literaria, cultural y educativa /
_cAntonio Reynoso
264 1 _aSanto Domingo :
_bBúho,
_c2024.
300 _a314 páginas,
_c23 cm.
336 _2rdacontent
_atexto
_btxt
337 _2rdamedia
_asin mediación
_bn
338 _2rdacarrier
_avolumen
_bnc
500 _aIncluye datos biográficos del autor en la solapa de la portada.
504 _aBibliografía p: 313-314
590 _aInventariado, 2024/ YL
910 _aYLockward
942 _2ddc
_cLBS1
999 _c57522
_d57522